000 01063nam a2200313 i 4500
005 20200104041557.0
008 160105b ck a |r|||| 00| 0 spa d
020 _a9589769004
040 _aCO-BoIAVH
_cCO-BoIAVH
041 _aspa
044 _ack
082 0 4 _a598.71
_bR69l
100 1 _aRodríguez Mahecha, José Vicente
245 _aLoros, pericos y guacamayas :
_bneotropicales /
_cJsè Vicente Rodrìguez-Mahecha
260 _aBogotá :
_bCBC de Los Andes,
_cc2005
300 _a148 páginas :
_bilustraciones a color ;
_c13 cm.
490 0 0 _aLibretas de campo
_v2
650 1 4 _aLoros
_xClasificación
650 2 6 _aPericos
_xClasificación
650 2 4 _aGuacamayas
_xClasificación
650 2 4 _aConservación de especies
650 2 4 _aEspecies amenazadas
650 2 4 _aTaxidermia
650 2 6 _aAvifauna
700 1 _aRojas Suárez, Franklin
_eautor
700 1 _aArzuza, Diana Esther
_eautor
700 1 _aGonzález Hernández, Andrés
_eautor
942 _cLIBRO
_2ddc
999 _c5249
_d5249